لغة الاشارة : (Record no. 62778)
[ view plain ]
| 000 -الفاتح | |
|---|---|
| حقل البيانات ثابتة الطول | 00817nam a22002177a 4500 |
| 005 - وقت وتاريخ اخر تعامل مع التسجيلة | |
| رقم الضبط | 20240530110607.0 |
| 008 - عناصر البيانات ثابتة الطول - معلومات عامة | |
| حقل البيانات ثابتة الطول | 160519s2014 su h f b 000 0 ara d |
| 017 ## - رقم الايداع القانونى | |
| رقم الايداع القانونى | 1434/8579 |
| المصدر ( الهيئة المختصة) | السعودية . مكتبة الملك فهد الوطنية |
| 020 ## - الرقم الدولى المعيارى للكتب | |
| الرقم الدولى المعيارى للكتاب | 9786038139196 |
| 040 ## - مصدر الفهرسة | |
| وكالة الفهرسة الأصلية | EG-CaGPL |
| 082 04 - رقم تصنيف ديوى العشرى | |
| رقم الطبعة | 21 |
| رقم التصنيف | 371.9127\ |
| رقم المادة | ع ل |
| 100 0# - المدخل الرئيسى - إسم شخصى | |
| الإسم الشخصى | على عبد رب النبى حنفى |
| 245 10 - بيان العنوان | |
| العنوان | لغة الاشارة : |
| بقية العنوان | الاسس - التطبيقات / |
| بيان المسئوليه,etc | على عبد رب النبى حنفى |
| 250 ## - بيان الطبعة | |
| بيان الطبعة | ط. 1 |
| 260 ## - PUBLICATION, DISTRIBUTION, ETC. (IMPRINT) | |
| تاريخ النشر أو التوزيع | 2014 . |
| 300 ## - الوصف المادى | |
| التعداد | 336 ص. : |
| تفاصيل ماديه اخرى للوعاء | صور لو. ؛ |
| أبعاد الوعاء | 24 سم . |
| 504 ## - تبصرة ببليوجرافية | |
| تبصرة ببليوجرافية,الخ | يشتمل على ارجاعات ببليوجرافية |
| 650 04 - المدخل الاضافى بالموضوع-مصطلح موضوعى | |
| مصطلح موضوعي | الصم |
| التقسيم الفرعي العام | اشارة |
| 650 04 - المدخل الاضافى بالموضوع-مصطلح موضوعى | |
| مصطلح موضوعي | الصم |
| التقسيم الفرعي العام | وسائل الاتصال |
| 942 ## - عناصر المدخل الإضافي( كوها) | |
| مصدر التصنيف او مخطط الترفيف | Dewey Decimal Classification |
| Koha [default] item type | كتاب |
| 260 ## - PUBLICATION, DISTRIBUTION, ETC. (IMPRINT) | |
| -- | الرياض : |
| -- | دار الزهراء ، |
| حالة التراجع | حالة الفقد | حالة تلف | ليس للاعارة | المكان المؤقت | الموقع الحالى | موقع الترفيف | تاريخ الاكتساب | اجمالي اﻻعارات | رقم الطلب | الباركود | تاريخ اخر مشاهدة | تاريخ تفعيل السعر | نوع وعاء كوها |
|---|---|---|---|---|---|---|---|---|---|---|---|---|---|
| مكتبة القاهرة الكبرى | مكتبة القاهرة الكبرى | القاعة الرئيسية | 11/08/2016 | 371.9127\ ع ل | 162633 | 11/08/2016 | 11/08/2016 | كتاب |

